ბათუმის შოთა რუსთაველის სახელმწიფო უნივერსიტეტის ბიბლიოთეკა

Marking. (ბიბ.ჩანაწერი № 44790)

000 -LEADER
fixed length control field 00479nam a2200217Ia 4500
001 - CONTROL NUMBER
control field 11595
003 - CONTROL NUMBER IDENTIFIER
control field GE_BSU
008 - FIXED-LENGTH DATA ELEMENTS--GENERAL INFORMATION
fixed length control field 181216s||||||||xx |||||||||||||| ||und||
020 ## - INTERNATIONAL STANDARD BOOK NUMBER
International Standard Book Number 03033503
040 ## - CATALOGING SOURCE
Transcribing agency GE_BSU
080 ## - UNIVERSAL DECIMAL CLASSIFICATION NUMBER
Universal Decimal Classification number 821.111-32
100 ## - MAIN ENTRY--PERSONAL NAME
Personal name Howard,Elizabeth Jane.
245 ## - TITLE STATEMENT
Title Marking.
245 ## - TITLE STATEMENT
Remainder of title volume 2 of the cazalet chronicle.
260 ## - PUBLICATION, DISTRIBUTION, ETC.
Place of publication, distribution, etc. London.
260 ## - PUBLICATION, DISTRIBUTION, ETC.
Name of publisher, distributor, etc. Pan books.
260 ## - PUBLICATION, DISTRIBUTION, ETC.
Date of publication, distribution, etc. 1991.
300 ## - PHYSICAL DESCRIPTION
Extent 452p;20cm.
653 ## - INDEX TERM--UNCONTROLLED
Uncontrolled term Marking.
942 ## - ADDED ENTRY ELEMENTS (KOHA)
Koha item type წიგნი
ეგზემპლარები
Withdrawn status Lost status Damaged status Not for loan Date acquired Barcode Date last seen Price effective from Koha item type
        2018-12-17 35560 2018-12-17 2018-12-17 წიგნი